MDQL
is popping MORE tags! Check the
thread
!
Quizzes
Events
Quiz Creation
Community
Videos
Private Events
Remove Ads
Sign In
Join for FREE
Feedback
Dark Mode
Quiz Categories
Sports
Geography
Music
Movies
Television
Just For Fun
Miscellaneous
History
Literature
Language
Science
Gaming
Entertainment
Religion
Holiday
For Kids
Quiz Lab
Recent
Popular Today
Quiz Kudos Today
Editor Picks
Curator Picks
Quizzes by...
Day
Popularity
Type
Ratings
Length
Year
Community
Subscriptions
Recent Discussions
Orange Saloon
Badges
Playlists
Quests
Create
Leaderboards
Showdown
Live 5
Trivia Bingo
Activity
Puzzle Library
Sporcle Events
Private Events
Virtual Trivia
Globe League
Become a Host
Pub Owners
SporcleCon
Opinionation
Our Games
Videos
Blog
Mobile Apps
Partnerships
Remove Ads and Go Orange
Feedback
Sports
Athletes
MLB
NBA
NHL
NFL
Soccer
Sports Teams
WWE
NCAA
Football
Premier League
Basketball
Baseball
Hockey
Golf
Tennis
Cricket
Rugby
Auto Racing
Olympics
World Cup
Sports
Athletes
MLB
NBA
NHL
NFL
Soccer
Sports Teams
WWE
NCAA
Football
Premier League
Basketball
Baseball
Hockey
Golf
Tennis
Cricket
Rugby
Auto Racing
Olympics
World Cup
Random Quiz
Search Sporcle
×
Quiz Lab
Quiz Lab
Sports
Type in answers that appear in a list
Type in answers that appear in a list
Classic
Best Score? Go Orange.
Top QB's in History Stats
Can you name the Top QB's in History?
By
riffejacob
5m
23 Questions
356 Plays
356 Plays
356 Plays
Comments
Comments
Give Quiz Kudos
Give Quiz Kudos
-
- Ratings
hide this ad
Random Order
Randomize order of answers
Randomize order of answers
Replay
Link that replays current quiz
Next Quiz
Link to next quiz in quiz playlist
You Got
0%
They Got
Avg Score
50%
Avg Friend Score
Upgrade to see
Score Distribution
Jump to the score distribution portion of the page
Score
0/23
Timer
05:00
0
Plays Today
History
% Correct
Peyton Manning
94.1%
Eli Manning
92.4%
Joe Montana
89.6%
Tom Brady
82.9%
Dan Marino
79.8%
Brett Favre
79.5%
John Elway
74.4%
Troy Aikman
67.1%
Johnny Unitas
66.6%
Terry Bradshaw
60.1%
Bart Starr
53.4%
Roger Staubach
50.3%
History
% Correct
Warren Moon
50%
Fran Tarkenton
46.3%
Kurt Warner
39.6%
Ben Roethlisberger
39.6%
Ken Stabler
25.8%
Mike Vick
19.9%
Otto Graham
17.4%
Rich Gannon
12.1%
Doug Flutie
11%
Tim Couch
6.2%
Jim Harbaugh
5.3%
Quiz Playlist
Details
Report
Send in Message
Add To Playlist
Classic:
Type in answers that appear in a list
Random Order:
Randomize order of answers
Quiz Source
Last Updated: Feb 16, 2017
Quiz Scoreboard
CHALLENGE
Sign Up to Join the Scoreboard
Show All
Scores
Hide
Comments
May contain spoilers
Recently Published
5x2 Blitz: Bands
by SL_Kpop136
Music
30s
Colored Red Africa Blitz
by spor1
Geography
30s
Find the 'City' Movie
by crazypaving
Movies
60s
More to Explore
Quiz From the Vault
Featured Blog Post
14 Easter Pick-up Lines to Find Eggs With
hide this ad
You Might Also Like...
Tags
This quiz does not have any tags.
Today's Top Quizzes in Sports
Browse Sports
hide this ad
Top Contributed Quizzes in Sports
1
Players with Multiple 50 Home Run Seasons
2
Who Needs Fielders?
3
Criteria MLB: Left Handed Sluggers
4
MLB Players with Two .350 Batting Average Seasons
5
Who Hit More Homers?
6
2020 F1 Drivers Logic Puzzle
7
NBA Teammate Connections
8
Premier League Clubs since 2000 (minefield)
9
MLB Teams by First Game
10
Top 10 NHL Goal Scorers of All Time
Explore More
Trending Topics
Marvel
Harry Potter
Anime
Disney
NBA
Kpop
Crossword
Soccer
WWE
The Office
Song
Puzzle
Pokémon
Country
NFL
hide this ad
Score Distribution
Quiz Creator Spotlight
riffejacob
Follow
Send a Message
Quizzes Created
-
Created Quiz Play Count
-
Popular Quizzes Today
1
Find the 'City' Movie
2
5x2 Blitz: Bands
3
Colored Red Africa Blitz
4
The Countries of the World
5
Find the US States - No Outlines Minefield
6
Find the US States
7
9x9 Crossword: Cartoon Network
8
US States
More Sports Quizzes
100 players of the 2010's
Quiz Lab
Trending Quizzes
Colored Red Africa Blitz II
Colored Red Europe Blitz I
Colored Red Africa Blitz III
Colored Red Europe Blitz II
Colored Red Europe Blitz III
Recently Updated
Champions League XIs: Real Madrid
pecheneg
Largest US Cities 1790-2010
pecheneg
Rides in Walt Disney World
pecheneg
Most Oscar Losses (Acting)
pecheneg
Beyoncé Albums
pecheneg
Leaping Animals
pecheneg
Reality TV Shows (A-Z)
bhenderson79
Rickey Henderson's Hall of Fame Teammates
pecheneg
Champions League XIs: Arsenal
pecheneg
Quick Pick: Celebrities in WWE's Hall of Fame
aduchscher
Trending Topics
Marvel
Crossword
Harry Potter
Anime
Disney
Kpop
NBA
WWE
Puzzle
Pokémon
Country
Soccer
Song
NFL
The Office
Your Account Isn't Verified!
In order to create a playlist on Sporcle, you need to verify the email address you used during registration. Go to your
Sporcle Settings
to finish the process.
Report this User
Report this user for behavior that violates our
Community Guidelines
.
Details:
Send Report
Go to the Sporcle.com Mobile Site →
Comments